Visitor export in relation to economic impacts of travel and tourism in the capital Bratislava

Výdavky turistov v Bratislave. Výpočet ušlých príjmov na DPH a miestnej dani, dopad na úspory a štátny rozpočet. Klasifikácia ekonomických kategórií turistov podľa WTTC.

Salvato in:
Dettagli Bibliografici
Autore principale: Novacká, Ľudmila, 1953-
Natura: Capitolo di libro
Lingua:inglese
Soggetti:
Tags: Aggiungi Tag
Nessun Tag, puoi essere il primo ad aggiungerne!!

MARC

LEADER 00000naa$a2200000$$$4500
001 0201745
005 20240502083511.7
041 0 |a eng 
044 |a CZ 
245 1 0 |a Visitor export in relation to economic impacts of travel and tourism in the capital Bratislava  |c Ľudmila Novacká 
520 |a Výdavky turistov v Bratislave. Výpočet ušlých príjmov na DPH a miestnej dani, dopad na úspory a štátny rozpočet. Klasifikácia ekonomických kategórií turistov podľa WTTC. 
610 2 0 |a ruch cestovný 
610 2 0 |a multiplikátor 
610 2 0 |a únik daňový 
610 2 0 |a výdavky na potreby kultúrne 
100 1 |a Novacká, Ľudmila, 1953-